000 00451nam a2200181Ia 4500
001 2138
005 20260306143820.0
008 260306t2013||||xx |||||||||||||| ||spa||
041 _aESP
082 _a614.4031
_bV66
100 _aVilla Romero, Antonio
_eAUT
245 0 _aEpidemiología y estadística en salud pública
260 _c2013
300 _axvi, 333 páginas :
_c23 cm.
650 _aGEN
654 _aCPS
942 _cLIB
_dJUS
_fJUS
_2ddc
_n
999 _c2138
_d2138